| 000 | 00359nam a2200109Ia 4500 | ||
|---|---|---|---|
| 008 | 171211s9999 xx 000 0 und d | ||
| 245 | _aAttachment Parenting: Developing Connections and Healing Children | ||
| 245 | _cArthur Becker-Weidman and Deborah Shell | ||
| 260 | _c2010 | ||
| 650 | _xPSYCHOLOGY | ||
| 856 | _uhttp://down.ebook777.com/063/9780765707550.pdf | ||
| 999 |
_c349245 _d349245 |
||